Loading...
Indian economy since 1991: economic reforms and performance /
| Andre forfattere: | |
|---|---|
| Format: | Printed Book |
| Udgivet: |
New Jersey:
Pearson education,
2009.
|
| Fag: |
| LEADER | 00560cam a2200169ua 4500 | ||
|---|---|---|---|
| 008 | 101030t2009||||||||||| 00 ||||| c | ||
| 082 | |a 338.954 |b IND | ||
| 245 | 1 | 0 | |a Indian economy since 1991: economic reforms and performance / |
| 260 | |a New Jersey: |b Pearson education, |c 2009. | ||
| 300 | |a 598p.. | ||
| 362 | 1 | |a 2009. | |
| 650 | |a Economics-India | ||
| 650 | 0 | |a Indian economy | |
| 700 | 0 | 2 | |a Prakash,, B.A. |
| 942 | |c BK | ||
| 999 | |c 23746 |d 23746 | ||
| 952 | |0 0 |1 0 |4 0 |6 338_954000000000000_IN |7 0 |9 25242 |a KUCL |b KUCL |d 2014-05-23 |l 0 |o 338.954 IN |p 24431 |r 2014-05-23 |w 2014-05-23 |y BK | ||